<?xml version="1.0" encoding="UTF-8"?>
<collection xmlns="http://www.loc.gov/MARC21/slim">
 <record>
  <leader>06951cam a2201129   4500</leader>
  <controlfield tag="001">627628702</controlfield>
  <controlfield tag="003">DE-627</controlfield>
  <controlfield tag="005">20240308173733.0</controlfield>
  <controlfield tag="007">tu</controlfield>
  <controlfield tag="008">100609s2010    xxu|||||      00| ||eng c</controlfield>
  <datafield tag="010" ind1=" " ind2=" ">
   <subfield code="a">  2010021681</subfield>
  </datafield>
  <datafield tag="016" ind1="7" ind2=" ">
   <subfield code="a">015541094</subfield>
   <subfield code="2">UK</subfield>
  </datafield>
  <datafield tag="020" ind1=" " ind2=" ">
   <subfield code="a">9780674053229</subfield>
   <subfield code="c">(pbk.) £29.95</subfield>
   <subfield code="9">978-0-674-05322-9</subfield>
  </datafield>
  <datafield tag="020" ind1=" " ind2=" ">
   <subfield code="a">0674053222</subfield>
   <subfield code="c">(pbk.) £29.95</subfield>
   <subfield code="9">0-674-05322-2</subfield>
  </datafield>
  <datafield tag="035" ind1=" " ind2=" ">
   <subfield code="a">(DE-627)627628702</subfield>
  </datafield>
  <datafield tag="035" ind1=" " ind2=" ">
   <subfield code="a">(DE-576)324007116</subfield>
  </datafield>
  <datafield tag="035" ind1=" " ind2=" ">
   <subfield code="a">(DE-599)GBV627628702</subfield>
  </datafield>
  <datafield tag="035" ind1=" " ind2=" ">
   <subfield code="a">(OCoLC)845770757</subfield>
  </datafield>
  <datafield tag="035" ind1=" " ind2=" ">
   <subfield code="a">(OCoLC)699581369</subfield>
  </datafield>
  <datafield tag="040" ind1=" " ind2=" ">
   <subfield code="a">DE-627</subfield>
   <subfield code="b">ger</subfield>
   <subfield code="c">DE-627</subfield>
   <subfield code="e">rakwb</subfield>
  </datafield>
  <datafield tag="041" ind1=" " ind2=" ">
   <subfield code="a">eng</subfield>
  </datafield>
  <datafield tag="044" ind1=" " ind2=" ">
   <subfield code="c">XD-US</subfield>
  </datafield>
  <datafield tag="050" ind1=" " ind2="0">
   <subfield code="a">DF261.T49</subfield>
  </datafield>
  <datafield tag="082" ind1="0" ind2=" ">
   <subfield code="a">938/.2</subfield>
   <subfield code="q">LOC</subfield>
   <subfield code="2">22</subfield>
  </datafield>
  <datafield tag="084" ind1=" " ind2=" ">
   <subfield code="a">6,12</subfield>
   <subfield code="2">ssgn</subfield>
  </datafield>
  <datafield tag="084" ind1=" " ind2=" ">
   <subfield code="a">6,14</subfield>
   <subfield code="a">1</subfield>
   <subfield code="2">ssgn</subfield>
  </datafield>
  <datafield tag="084" ind1=" " ind2=" ">
   <subfield code="a">NH 9450</subfield>
   <subfield code="q">OBV</subfield>
   <subfield code="2">rvk</subfield>
   <subfield code="0">(DE-625)rvk/125843:</subfield>
  </datafield>
  <datafield tag="084" ind1=" " ind2=" ">
   <subfield code="a">NR 8746</subfield>
   <subfield code="q">OBV</subfield>
   <subfield code="2">rvk</subfield>
   <subfield code="0">(DE-625)rvk/130148:</subfield>
  </datafield>
  <datafield tag="084" ind1=" " ind2=" ">
   <subfield code="a">LF 4020</subfield>
   <subfield code="2">rvk</subfield>
   <subfield code="0">(DE-625)rvk/91600:</subfield>
  </datafield>
  <datafield tag="084" ind1=" " ind2=" ">
   <subfield code="a">11.51</subfield>
   <subfield code="2">bkl</subfield>
  </datafield>
  <datafield tag="084" ind1=" " ind2=" ">
   <subfield code="a">15.16</subfield>
   <subfield code="2">bkl</subfield>
  </datafield>
  <datafield tag="245" ind1="1" ind2="0">
   <subfield code="a">From Roman to early Christian Thessalonikē</subfield>
   <subfield code="b">studies in religion and archaeology</subfield>
   <subfield code="c">ed. by Laura Nasrallah, Charalambos Bakirtzis, and Steven J. Friesen</subfield>
  </datafield>
  <datafield tag="264" ind1=" " ind2="1">
   <subfield code="a">Boston, Mass.</subfield>
   <subfield code="a">London</subfield>
   <subfield code="b">Harvard Univ. Pr.</subfield>
   <subfield code="c">2010</subfield>
  </datafield>
  <datafield tag="300" ind1=" " ind2=" ">
   <subfield code="a">XIV, 437 S.</subfield>
   <subfield code="b">Ill., graph. Darst., Kt.</subfield>
   <subfield code="c">22 cm</subfield>
  </datafield>
  <datafield tag="336" ind1=" " ind2=" ">
   <subfield code="a">Text</subfield>
   <subfield code="b">txt</subfield>
   <subfield code="2">rdacontent</subfield>
  </datafield>
  <datafield tag="337" ind1=" " ind2=" ">
   <subfield code="a">ohne Hilfsmittel zu benutzen</subfield>
   <subfield code="b">n</subfield>
   <subfield code="2">rdamedia</subfield>
  </datafield>
  <datafield tag="338" ind1=" " ind2=" ">
   <subfield code="a">Band</subfield>
   <subfield code="b">nc</subfield>
   <subfield code="2">rdacarrier</subfield>
  </datafield>
  <datafield tag="490" ind1="1" ind2=" ">
   <subfield code="a">Harvard theological studies</subfield>
   <subfield code="v">64</subfield>
  </datafield>
  <datafield tag="500" ind1=" " ind2=" ">
   <subfield code="a">Includes bibliographical references and index</subfield>
  </datafield>
  <datafield tag="505" ind1="8" ind2="0">
   <subfield code="t">Voluntary associations in Roman Thessalonikē : in search of identity and support in a cosmopolitan society</subfield>
   <subfield code="r">Pantelis M. Nigdelis</subfield>
  </datafield>
  <datafield tag="505" ind1="8" ind2="0">
   <subfield code="t">Of memories and meals : Greco-Roman associations and the early Jesus-group at Thessalonikē</subfield>
   <subfield code="r">Richard S. Ascough</subfield>
  </datafield>
  <datafield tag="505" ind1="8" ind2="0">
   <subfield code="t">&quot;Gazing upon the invisible&quot; : archaeology, historiography, and the elusive women of 1 Thessalonians</subfield>
   <subfield code="r">Melanie Johnson-DeBaufre</subfield>
  </datafield>
  <datafield tag="505" ind1="8" ind2="0">
   <subfield code="t">Locating purity : temples, sexual prohibitions, and &quot;making a difference&quot; in Thessalonikē</subfield>
   <subfield code="r">Christine Thomas</subfield>
  </datafield>
  <datafield tag="505" ind1="8" ind2="0">
   <subfield code="t">Egyptian religion in Thessalonikē</subfield>
   <subfield code="r">Helmut Koester</subfield>
  </datafield>
  <datafield tag="505" ind1="8" ind2="0">
   <subfield code="t">Social status and family origin in the sarcophagi of Thessalonikē</subfield>
   <subfield code="r">Theodosia Stefanidou-Tiveriou</subfield>
  </datafield>
  <datafield tag="505" ind1="8" ind2="0">
   <subfield code="t">Second Thessalonians, the ideology of epistles, and the construction of authority : our debt to the forger</subfield>
   <subfield code="r">Steven J. Friesen</subfield>
  </datafield>
  <datafield tag="505" ind1="8" ind2="0">
   <subfield code="t">Christianization of Thessalonikē : the making of Christian &quot;urban iconography&quot;</subfield>
   <subfield code="r">Slobodan Curcic</subfield>
  </datafield>
  <datafield tag="505" ind1="8" ind2="0">
   <subfield code="t">And ecclesiastical identity in Christian Thessalonikē</subfield>
   <subfield code="r">James Skedros</subfield>
  </datafield>
  <datafield tag="505" ind1="8" ind2="0">
   <subfield code="t">Ceramics in late antique Thessalonikē</subfield>
   <subfield code="r">Demetra Papanikola-Bakirtzi</subfield>
  </datafield>
  <datafield tag="505" ind1="8" ind2="0">
   <subfield code="t">Glassware in late antique Thessalonikē (third seventh centuries C.E.)</subfield>
   <subfield code="r">Anastasios Antonaras</subfield>
  </datafield>
  <datafield tag="505" ind1="8" ind2="0">
   <subfield code="t">Reflections on the architectural history of the Tetrarchic Palace complex at Thessalonikē</subfield>
   <subfield code="r">Aristotles Mentzos</subfield>
  </datafield>
  <datafield tag="505" ind1="8" ind2="0">
   <subfield code="t">Early Christian interpretation in image and word : canon, sacred text, and the mosaics of Moni Latomou</subfield>
   <subfield code="r">Laura Nasrallah</subfield>
  </datafield>
  <datafield tag="505" ind1="8" ind2="0">
   <subfield code="t">Late antiquity and Christianity in Thessalonikē : aspects of a transformation</subfield>
   <subfield code="r">Charalambos Bakirtzis.</subfield>
  </datafield>
  <datafield tag="583" ind1="1" ind2=" ">
   <subfield code="a">Archivierung/Langzeitarchivierung gewährleistet</subfield>
   <subfield code="f">SSG</subfield>
   <subfield code="2">pdager</subfield>
   <subfield code="5">DE-21</subfield>
  </datafield>
  <datafield tag="583" ind1="1" ind2=" ">
   <subfield code="a">Archivierung/Langzeitarchivierung gewährleistet</subfield>
   <subfield code="f">SSG</subfield>
   <subfield code="x">XA-DE-BW</subfield>
   <subfield code="2">pdager</subfield>
   <subfield code="5">DE-16</subfield>
  </datafield>
  <datafield tag="630" ind1="2" ind2="0">
   <subfield code="a">Bible</subfield>
   <subfield code="p">Thessalonians</subfield>
   <subfield code="x">Criticism, interpretation, etc</subfield>
  </datafield>
  <datafield tag="650" ind1=" " ind2="0">
   <subfield code="a">Church history</subfield>
   <subfield code="y">Primitive and early church, ca. 30-600</subfield>
  </datafield>
  <datafield tag="650" ind1=" " ind2="0">
   <subfield code="a">Excavations (Archaeology)</subfield>
   <subfield code="z">Greece</subfield>
   <subfield code="z">Thessalonikē</subfield>
  </datafield>
  <datafield tag="650" ind1=" " ind2="0">
   <subfield code="a">Architecture</subfield>
   <subfield code="z">Greece</subfield>
   <subfield code="z">Thessalonikē</subfield>
  </datafield>
  <datafield tag="650" ind1=" " ind2="0">
   <subfield code="a">Romans</subfield>
   <subfield code="z">Greece</subfield>
   <subfield code="z">Thessalonikē</subfield>
  </datafield>
  <datafield tag="651" ind1=" " ind2="0">
   <subfield code="a">Thessalonikē (Greece)</subfield>
   <subfield code="x">Antiquities, Roman</subfield>
  </datafield>
  <datafield tag="651" ind1=" " ind2="0">
   <subfield code="a">Thessalonikē (Greece)</subfield>
   <subfield code="x">Church history</subfield>
  </datafield>
  <datafield tag="651" ind1=" " ind2="0">
   <subfield code="a">Thessalonikē (Greece)</subfield>
   <subfield code="x">Civilization</subfield>
  </datafield>
  <datafield tag="651" ind1=" " ind2="0">
   <subfield code="a">Thessalonikē (Greece)</subfield>
   <subfield code="x">Antiquities</subfield>
  </datafield>
  <datafield tag="653" ind1=" " ind2=" ">
   <subfield code="a">Thessalonikē (Greece)</subfield>
   <subfield code="a">Civilization</subfield>
  </datafield>
  <datafield tag="653" ind1=" " ind2=" ">
   <subfield code="a">Thessalonikē (Greece)</subfield>
   <subfield code="a">Religious life and customs</subfield>
  </datafield>
  <datafield tag="653" ind1=" " ind2=" ">
   <subfield code="a">Thessalonikē (Greece)</subfield>
   <subfield code="a">Antiquities</subfield>
  </datafield>
  <datafield tag="655" ind1=" " ind2="7">
   <subfield code="a">Konferenzschrift</subfield>
   <subfield code="0">(DE-588)1071861417</subfield>
   <subfield code="0">(DE-627)826484824</subfield>
   <subfield code="0">(DE-576)433375485</subfield>
   <subfield code="2">gnd-content</subfield>
  </datafield>
  <datafield tag="655" ind1=" " ind2="7">
   <subfield code="a">Aufsatzsammlung</subfield>
   <subfield code="0">(DE-588)4143413-4</subfield>
   <subfield code="0">(DE-627)105605727</subfield>
   <subfield code="0">(DE-576)209726091</subfield>
   <subfield code="2">gnd-content</subfield>
  </datafield>
  <datafield tag="689" ind1="0" ind2="0">
   <subfield code="d">g</subfield>
   <subfield code="0">(DE-588)4051394-4</subfield>
   <subfield code="0">(DE-627)106177249</subfield>
   <subfield code="0">(DE-576)209092963</subfield>
   <subfield code="a">Thessaloniki</subfield>
   <subfield code="2">gnd</subfield>
  </datafield>
  <datafield tag="689" ind1="0" ind2="1">
   <subfield code="d">s</subfield>
   <subfield code="0">(DE-588)4049396-9</subfield>
   <subfield code="0">(DE-627)106187155</subfield>
   <subfield code="0">(DE-576)209081880</subfield>
   <subfield code="a">Religion</subfield>
   <subfield code="2">gnd</subfield>
  </datafield>
  <datafield tag="689" ind1="0" ind2="2">
   <subfield code="a">z</subfield>
   <subfield code="2">gnd</subfield>
   <subfield code="a">Geschichte 100 v. Chr.-700</subfield>
  </datafield>
  <datafield tag="689" ind1="0" ind2=" ">
   <subfield code="5">(DE-627)</subfield>
  </datafield>
  <datafield tag="689" ind1="1" ind2="0">
   <subfield code="d">s</subfield>
   <subfield code="0">(DE-588)4002827-6</subfield>
   <subfield code="0">(DE-627)104459425</subfield>
   <subfield code="0">(DE-576)208848878</subfield>
   <subfield code="a">Archäologie</subfield>
   <subfield code="2">gnd</subfield>
  </datafield>
  <datafield tag="689" ind1="1" ind2=" ">
   <subfield code="5">(DE-627)</subfield>
  </datafield>
  <datafield tag="700" ind1="1" ind2=" ">
   <subfield code="a">Nasrallah, Laura Salah</subfield>
   <subfield code="d">1969-</subfield>
   <subfield code="e">Hrsg.</subfield>
   <subfield code="0">(DE-588)139964932</subfield>
   <subfield code="0">(DE-627)614739195</subfield>
   <subfield code="0">(DE-576)187697698</subfield>
   <subfield code="4">edt</subfield>
  </datafield>
  <datafield tag="700" ind1="1" ind2=" ">
   <subfield code="a">Mpakirtzēs, Charalampos N.</subfield>
   <subfield code="d">1943-</subfield>
   <subfield code="0">(DE-588)123928893</subfield>
   <subfield code="0">(DE-627)085530263</subfield>
   <subfield code="0">(DE-576)169132064</subfield>
   <subfield code="4">oth</subfield>
  </datafield>
  <datafield tag="700" ind1="1" ind2=" ">
   <subfield code="a">Friesen, Steven J.</subfield>
   <subfield code="d">1954-</subfield>
   <subfield code="0">(DE-588)143049909</subfield>
   <subfield code="0">(DE-627)641864426</subfield>
   <subfield code="0">(DE-576)168867435</subfield>
   <subfield code="4">oth</subfield>
  </datafield>
  <datafield tag="787" ind1="0" ind2="8">
   <subfield code="i">Rezensiert in</subfield>
   <subfield code="a">Bartels, Jens, 1972 - </subfield>
   <subfield code="t">[Rezension von: Laura Nasrallah / Charalambos Bakirtzis / Steven J. Friesen (eds.), From Roman to early Christian Thessalonike. Studies in religion and archaeology]</subfield>
   <subfield code="d">2012</subfield>
   <subfield code="w">(DE-627)1806411741</subfield>
  </datafield>
  <datafield tag="830" ind1=" " ind2="0">
   <subfield code="a">Harvard theological studies</subfield>
   <subfield code="v">64</subfield>
   <subfield code="9">64</subfield>
   <subfield code="w">(DE-627)130690120</subfield>
   <subfield code="w">(DE-576)001282751</subfield>
   <subfield code="w">(DE-600)952341-8</subfield>
   <subfield code="x">0073-0726</subfield>
   <subfield code="7">ns</subfield>
  </datafield>
  <datafield tag="856" ind1="4" ind2="2">
   <subfield code="u">https://swbplus.bsz-bw.de/bsz324007116inh.htm</subfield>
   <subfield code="m">B:DE-576;DE-21</subfield>
   <subfield code="q">application/pdf</subfield>
   <subfield code="v">20110204113404</subfield>
   <subfield code="x">Verlag</subfield>
   <subfield code="3">Inhaltsverzeichnis</subfield>
  </datafield>
  <datafield tag="856" ind1="4" ind2="2">
   <subfield code="u">https://swbplus.bsz-bw.de/bsz324007116kla.htm</subfield>
   <subfield code="m">B:DE-576;DE-21</subfield>
   <subfield code="q">application/pdf</subfield>
   <subfield code="v">20110204113404</subfield>
   <subfield code="x">Verlag</subfield>
   <subfield code="3">Klappentext</subfield>
  </datafield>
  <datafield tag="856" ind1="4" ind2="2">
   <subfield code="u">http://www.sehepunkte.de/2012/02/18655.html</subfield>
   <subfield code="m">V:DE-576;X:Sehepunkte</subfield>
   <subfield code="q">text/html</subfield>
   <subfield code="v">20180413101131</subfield>
   <subfield code="3">Rezension</subfield>
  </datafield>
  <datafield tag="935" ind1=" " ind2=" ">
   <subfield code="a">mteo</subfield>
  </datafield>
  <datafield tag="935" ind1=" " ind2=" ">
   <subfield code="i">Blocktest</subfield>
  </datafield>
  <datafield tag="936" ind1="r" ind2="v">
   <subfield code="a">NH 9450</subfield>
   <subfield code="b">Einzelbeiträge</subfield>
   <subfield code="k">Geschichte</subfield>
   <subfield code="k">Griechisch-römische Geschichte</subfield>
   <subfield code="k">Das Christentum im Römischen Reich</subfield>
   <subfield code="k">Einzelbeiträge</subfield>
   <subfield code="0">(DE-627)1271457091</subfield>
   <subfield code="0">(DE-625)rvk/125843:</subfield>
   <subfield code="0">(DE-576)201457091</subfield>
  </datafield>
  <datafield tag="936" ind1="r" ind2="v">
   <subfield code="a">NR 8746</subfield>
   <subfield code="b">Saloniki</subfield>
   <subfield code="k">Geschichte</subfield>
   <subfield code="k">Landes- und Stadtgeschichte (Allgemeine, Deutsche und Österreichische Landes- und Stadtgeschichte, Ausländische Stadtgeschichte, Geschichte der Auslanddeutschen)</subfield>
   <subfield code="k">Geschichte ausländischer Städte</subfield>
   <subfield code="k">Europäische Städte</subfield>
   <subfield code="k">Städte S</subfield>
   <subfield code="k">Saloniki</subfield>
   <subfield code="0">(DE-627)1271658747</subfield>
   <subfield code="0">(DE-625)rvk/130148:</subfield>
   <subfield code="0">(DE-576)201658747</subfield>
  </datafield>
  <datafield tag="936" ind1="r" ind2="v">
   <subfield code="a">LF 4020</subfield>
   <subfield code="b">Thessaloniki (Saloniki)</subfield>
   <subfield code="k">Klassische Archäologie</subfield>
   <subfield code="k">Topografie und Grabungspublikationen</subfield>
   <subfield code="k">Ausgrabungspublikationen und topografische Literatur</subfield>
   <subfield code="k">Orte und Landschaften T</subfield>
   <subfield code="k">Thessaloniki (Saloniki)</subfield>
   <subfield code="0">(DE-627)1272371255</subfield>
   <subfield code="0">(DE-625)rvk/91600:</subfield>
   <subfield code="0">(DE-576)202371255</subfield>
  </datafield>
  <datafield tag="936" ind1="b" ind2="k">
   <subfield code="a">11.51</subfield>
   <subfield code="j">Frühes Christentum</subfield>
   <subfield code="0">(DE-627)106419641</subfield>
  </datafield>
  <datafield tag="936" ind1="b" ind2="k">
   <subfield code="a">15.16</subfield>
   <subfield code="j">Altorientalische Archäologie</subfield>
   <subfield code="j">christliche Archäologie</subfield>
   <subfield code="0">(DE-627)106419765</subfield>
  </datafield>
  <datafield tag="951" ind1=" " ind2=" ">
   <subfield code="a">BO</subfield>
  </datafield>
  <datafield tag="990" ind1=" " ind2=" ">
   <subfield code="a">Thessaloniki</subfield>
  </datafield>
  <datafield tag="990" ind1=" " ind2=" ">
   <subfield code="a">Religion</subfield>
  </datafield>
  <datafield tag="990" ind1=" " ind2=" ">
   <subfield code="a">Geschichte 100 v. Chr.-700</subfield>
  </datafield>
  <datafield tag="990" ind1=" " ind2=" ">
   <subfield code="a">Archäologie</subfield>
  </datafield>
  <datafield tag="991" ind1=" " ind2=" ">
   <subfield code="a">Rezensiertes Werk</subfield>
  </datafield>
  <datafield tag="999" ind1=" " ind2=" ">
   <subfield code="a">KXP-PPN627628702</subfield>
   <subfield code="e">4162945225</subfield>
  </datafield>
 </record>
</collection>
